00651nam a2200133Ia 4500008004100000020002200041041001200063100005100075245006500126260003200191440003800223650002100261650023500282231221s9999 xx 000 0 und d a978-3-642-16132-2 aEnglish aAsit Dan, Frédéric Gittler, Farouk Toumani 0aService-Oriented Computing. ICSOC/ServiceWave 2009 Workshops c2010bSpringer USaNew York aLecture Notes in Computer Science aComputer Science aSoftware Engineering; Management of Computing and Information Systems; Computer Communication Networks; Information Systems Applications (incl.Internet); Information Storage and Retrieval; Algorithm Analysis and Problem Complexity